Inorganic chemistry / (Record no. 92864)

MARC details
000 -LEADER
fixed length control field 00646nam a22002177a 4500
005 - DATE AND TIME OF LATEST TRANSACTION
control field 20150415163727.0
010 ## - LCCN (DPL NO)
LC control number ENG-112686
020 ## - INTERNATIONAL STANDARD BOOK NUMBER
International Standard Book Number 9781259062858
Terms of availability 599.00
020 ## - INTERNATIONAL STANDARD BOOK NUMBER
International Standard Book Number 12590662856
Terms of availability 599.00
035 ## - SYSTEM CONTROL NUMBER
System control number EN-96218
037 ## - SOURCE OF ACQUISITION
Source of stock number/acquisition DBAD/PUB
082 ## - DEWEY DECIMAL CLASSIFICATION NUMBER
Classification number 546
100 ## - MAIN ENTRY--PERSONAL NAME
Personal name Garg, Rajni
245 ## - TITLE STATEMENT
Title Inorganic chemistry /
Statement of responsibility, etc by Rajni Garg [and] Randhir Singh
260 ## - PUBLICATION, DISTRIBUTION, ETC. (IMPRINT)
Place of publication, distribution, etc Noida
Name of publisher, distributor, etc McGraw Hill Education
Date of publication, distribution, etc 2015
270 ## - ADDRESS
Address B-4, Sector-63, Gautam Budh Nagar,
City Noida
Postal code 201301
300 ## - PHYSICAL DESCRIPTION
Extent various pagings :
Dimensions 25cm(pbk)
Other physical details ill.
500 ## - GENERAL NOTE
General note Includes index
700 ## - ADDED ENTRY--PERSONAL NAME
Personal name Randhir Singh
942 ## - ADDED ENTRY ELEMENTS (KOHA)
Source of classification or shelving scheme Dewey Decimal Classification
Item type English Books
Call number suffix GAR
Classification part 546
Holdings
Withdrawn status Lost status Not for loan Collection code Home library Current library Date acquired Source of acquisition Cost, normal purchase price Full call number Barcode Copy number Cost, replacement price Koha item type
    Not For Loan Non-fiction D.B.Act.Division D.B.Act.Division 10/04/2015 DBAD/PUB 599.00 546 GAR EN-96218 1 599.00 English Books

© Delhi Public Library
Hit Counter
free hit counter